<?xml version="1.0" encoding="UTF-8"?>
<record
    xmlns:xsi="http://www.w3.org/2001/XMLSchema-instance"
    xsi:schemaLocation="http://www.loc.gov/MARC21/slim http://www.loc.gov/standards/marcxml/schema/MARC21slim.xsd"
    xmlns="http://www.loc.gov/MARC21/slim">

  <leader>00529nam a2200229Ia 4500</leader>
  <controlfield tag="005">20230317173806.0</controlfield>
  <controlfield tag="008">230125s9999    xx            000 0 und d</controlfield>
  <datafield tag="020" ind1=" " ind2=" ">
    <subfield code="a">9789353502263</subfield>
  </datafield>
  <datafield tag="041" ind1=" " ind2=" ">
    <subfield code="a">eng</subfield>
  </datafield>
  <datafield tag="082" ind1=" " ind2=" ">
    <subfield code="a">658.001</subfield>
    <subfield code="b">GAN</subfield>
  </datafield>
  <datafield tag="100" ind1=" " ind2=" ">
    <subfield code="a">Ganguly A</subfield>
    <subfield code="9">109914</subfield>
  </datafield>
  <datafield tag="245" ind1=" " ind2=" ">
    <subfield code="a">Principles  Of Management</subfield>
  </datafield>
  <datafield tag="250" ind1=" " ind2=" ">
    <subfield code="a">1st Ed.</subfield>
  </datafield>
  <datafield tag="260" ind1=" " ind2=" ">
    <subfield code="c">2020</subfield>
    <subfield code="b">Cengage Learning</subfield>
    <subfield code="a">India</subfield>
  </datafield>
  <datafield tag="300" ind1=" " ind2=" ">
    <subfield code="a">144p</subfield>
  </datafield>
  <datafield tag="500" ind1=" " ind2=" ">
    <subfield code="a">PPM</subfield>
  </datafield>
  <datafield tag="650" ind1=" " ind2=" ">
    <subfield code="a">PPM</subfield>
  </datafield>
  <datafield tag="700" ind1=" " ind2=" ">
    <subfield code="a">Ganguly A &amp; Bhadury J</subfield>
    <subfield code="9">106412</subfield>
  </datafield>
  <datafield tag="906" ind1=" " ind2=" ">
    <subfield code="b">49</subfield>
  </datafield>
  <datafield tag="942" ind1=" " ind2=" ">
    <subfield code="c">BK</subfield>
  </datafield>
  <datafield tag="999" ind1=" " ind2=" ">
    <subfield code="c">96370</subfield>
    <subfield code="d">96370</subfield>
  </datafield>
  <datafield tag="952" ind1=" " ind2=" ">
    <subfield code="0">0</subfield>
    <subfield code="1">0</subfield>
    <subfield code="4">0</subfield>
    <subfield code="7">0</subfield>
    <subfield code="a">HIMR</subfield>
    <subfield code="b">HIMR</subfield>
    <subfield code="d">2020-02-28</subfield>
    <subfield code="e">Forward Books</subfield>
    <subfield code="g">175.00</subfield>
    <subfield code="i">11225</subfield>
    <subfield code="l">1</subfield>
    <subfield code="o">658.001 GAN B20075</subfield>
    <subfield code="p">HIMR-BK-20075</subfield>
    <subfield code="r">2025-12-17 11:25:56</subfield>
    <subfield code="s">2025-12-06</subfield>
    <subfield code="v">126.00</subfield>
    <subfield code="w">2023-01-25</subfield>
    <subfield code="y">BK</subfield>
    <subfield code="z">B20075</subfield>
  </datafield>
  <datafield tag="952" ind1=" " ind2=" ">
    <subfield code="0">0</subfield>
    <subfield code="1">0</subfield>
    <subfield code="4">0</subfield>
    <subfield code="7">0</subfield>
    <subfield code="a">HIMR</subfield>
    <subfield code="b">HIMR</subfield>
    <subfield code="d">2020-02-28</subfield>
    <subfield code="e">Forward Books</subfield>
    <subfield code="g">175.00</subfield>
    <subfield code="i">11225</subfield>
    <subfield code="l">0</subfield>
    <subfield code="o">658.001 GAN B20076</subfield>
    <subfield code="p">HIMR-BK-20076</subfield>
    <subfield code="r">2023-01-25 00:00:00</subfield>
    <subfield code="v">126.00</subfield>
    <subfield code="w">2023-01-25</subfield>
    <subfield code="y">BK</subfield>
    <subfield code="z">B20076</subfield>
  </datafield>
  <datafield tag="952" ind1=" " ind2=" ">
    <subfield code="0">0</subfield>
    <subfield code="1">0</subfield>
    <subfield code="4">0</subfield>
    <subfield code="7">0</subfield>
    <subfield code="a">HIMR</subfield>
    <subfield code="b">HIMR</subfield>
    <subfield code="d">2021-03-08</subfield>
    <subfield code="e">Forward Books</subfield>
    <subfield code="g">175.00</subfield>
    <subfield code="i">11358</subfield>
    <subfield code="l">0</subfield>
    <subfield code="o">658.001 GAN B20601</subfield>
    <subfield code="p">HIMR-BK-20601</subfield>
    <subfield code="r">2023-01-25 00:00:00</subfield>
    <subfield code="v">131.25</subfield>
    <subfield code="w">2021-03-05</subfield>
    <subfield code="y">BK</subfield>
    <subfield code="z">B20601</subfield>
  </datafield>
  <datafield tag="952" ind1=" " ind2=" ">
    <subfield code="0">0</subfield>
    <subfield code="1">0</subfield>
    <subfield code="4">0</subfield>
    <subfield code="7">0</subfield>
    <subfield code="a">HIMR</subfield>
    <subfield code="b">HIMR</subfield>
    <subfield code="d">2021-03-08</subfield>
    <subfield code="e">Forward Books</subfield>
    <subfield code="g">175.00</subfield>
    <subfield code="i">11358</subfield>
    <subfield code="l">3</subfield>
    <subfield code="m">3</subfield>
    <subfield code="o">658.001 GAN B20602</subfield>
    <subfield code="p">HIMR-BK-20602</subfield>
    <subfield code="r">2026-01-10 12:13:37</subfield>
    <subfield code="s">2025-12-29</subfield>
    <subfield code="v">131.25</subfield>
    <subfield code="w">2021-03-05</subfield>
    <subfield code="y">BK</subfield>
    <subfield code="z">B20602</subfield>
  </datafield>
  <datafield tag="952" ind1=" " ind2=" ">
    <subfield code="0">0</subfield>
    <subfield code="1">0</subfield>
    <subfield code="4">0</subfield>
    <subfield code="7">0</subfield>
    <subfield code="a">HIMR</subfield>
    <subfield code="b">HIMR</subfield>
    <subfield code="d">2021-03-08</subfield>
    <subfield code="e">Forward Books</subfield>
    <subfield code="g">175.00</subfield>
    <subfield code="i">11358</subfield>
    <subfield code="l">0</subfield>
    <subfield code="o">658.001 GAN B20603</subfield>
    <subfield code="p">HIMR-BK-20603</subfield>
    <subfield code="r">2023-01-25 00:00:00</subfield>
    <subfield code="v">131.25</subfield>
    <subfield code="w">2021-03-05</subfield>
    <subfield code="y">BK</subfield>
    <subfield code="z">B20603</subfield>
  </datafield>
  <datafield tag="952" ind1=" " ind2=" ">
    <subfield code="0">0</subfield>
    <subfield code="1">0</subfield>
    <subfield code="4">0</subfield>
    <subfield code="7">0</subfield>
    <subfield code="a">HIMR</subfield>
    <subfield code="b">HIMR</subfield>
    <subfield code="d">2021-03-08</subfield>
    <subfield code="e">Forward Books</subfield>
    <subfield code="g">175.00</subfield>
    <subfield code="i">11358</subfield>
    <subfield code="l">3</subfield>
    <subfield code="m">3</subfield>
    <subfield code="o">658.001 GAN B20604</subfield>
    <subfield code="p">HIMR-BK-20604</subfield>
    <subfield code="r">2026-01-10 11:45:34</subfield>
    <subfield code="s">2025-12-29</subfield>
    <subfield code="v">131.25</subfield>
    <subfield code="w">2021-03-05</subfield>
    <subfield code="y">BK</subfield>
    <subfield code="z">B20604</subfield>
  </datafield>
  <datafield tag="952" ind1=" " ind2=" ">
    <subfield code="0">0</subfield>
    <subfield code="1">0</subfield>
    <subfield code="4">0</subfield>
    <subfield code="7">0</subfield>
    <subfield code="a">HIMR</subfield>
    <subfield code="b">HIMR</subfield>
    <subfield code="d">2021-03-08</subfield>
    <subfield code="e">Forward Books</subfield>
    <subfield code="g">175.00</subfield>
    <subfield code="i">11358</subfield>
    <subfield code="l">0</subfield>
    <subfield code="o">658.001 GAN B20605</subfield>
    <subfield code="p">HIMR-BK-20605</subfield>
    <subfield code="r">2023-01-25 00:00:00</subfield>
    <subfield code="v">131.25</subfield>
    <subfield code="w">2021-03-05</subfield>
    <subfield code="y">BK</subfield>
    <subfield code="z">B20605</subfield>
  </datafield>
</record>
